| 000 -LEADER |
| fixed length control field |
01390pab a2200169 454500 |
| 008 - FIXED-LENGTH DATA ELEMENTS--GENERAL INFORMATION |
| fixed length control field |
180718b2013 xxu||||| |||| 00| 0 eng d |
| 100 ## - MAIN ENTRY--PERSONAL NAME |
| Personal name |
Poister, Theodore H. et al |
| 245 ## - TITLE STATEMENT |
| Title |
Does performance management led to better outcomes? Evidence from the U.S. public transit industry |
| 260 ## - PUBLICATION, DISTRIBUTION, ETC. |
| Date of publication, distribution, etc. |
2013 |
| 300 ## - PHYSICAL DESCRIPTION |
| Extent |
p.625-636. |
| 362 ## - DATES OF PUBLICATION AND/OR SEQUENTIAL DESIGNATION |
| Dates of publication and/or sequential designation |
Jul-Aug |
| 520 ## - SUMMARY, ETC. |
| Summary, etc. |
Although performance management processes are widely assumed to be beneficial in improving organizational performance in the public sector, there is insufficient empirical evidence to back this claim. In this article, the authors examine the impact of performance management practices on organizational effectiveness in a particular segment of the public transit industry in the United States. The analysis utilizes original survey data on performance management practices comprising both strategy formulation and performance measurement in 88 small and medium-sized local transit agencies in conjunction with comparative outcome data drawn from the National Transit Database maintained by the Federal Transit Administration. The results provide evidence that more extensive use of performance management practices does in fact contribute to increased effectiveness in this segment of the transit industry. - Reproduced. |
| 650 ## - SUBJECT ADDED ENTRY--TOPICAL TERM |
| Topical term or geographic name entry element |
Performance appraisal |
| 773 ## - HOST ITEM ENTRY |
| Main entry heading |
Public Administration |
| 908 ## - PUT COMMAND PARAMETER (RLIN) |
| Put command parameter |
N |
| 909 ## - |
| -- |
99840 |